000 01170nam0a22002771 4500
001 rc\4794537
005 20250612185108.0
021 _aRU
_b[61-39990]
035 _a(NLR Aleph) 008789967
090 _a8034795
_c8034795
100 _a20130426d1961 |||y0rusy50 ca
101 0 _arus
102 _aRU
105 _ay z |||a|
200 1 _aЗа годом год
_eСтихи [и лирич. поэма "Счастье"]
210 _aКраснодар
_cКн. изд-во
_d1961
215 _a95 с.
_d17
327 0 _aЦиклы: Он всегда с нами; Стихи разных лет; Стихи о Новороссийске; Мысли, высказанные вслух
464 0 _12001#$aСчастье$eПоэма
_tСчастье
464 0 _12001#$aОн всегда с нами$aСтихи разных лет$aСтихи о Новороссийске$aМысли, высказанные вслух
_tМысли, высказанные вслух
700 1 _aЧихачев
_bП.В.
_f1906-1966
_gПетр Васильевич
801 0 _aRU
_bNLR
_gpsbo
801 1 _aRU
_bELAR
_2rusmarc
852 _aNLR
_j61-2/1492
942 _cBOOK
980 _aNB